000 00230 a2200097 4500
001 14774
100 _aAbrahamian
245 _aIran between two revolutions
260 _aNew Jersey
_bPrinceton Univ press
_c
090 _c11553
_d11553
942 _aNUST-CAE
_cM
_c1729
999 _c249847
_d249847